Statistics for Country to capital #5

Click here to take the quiz!

General Stats

  • This quiz has been taken 22 times
    (21 since last reset)
  • The average score is 8 of 10

Answer Stats

HintAnswer% Correct
LuxembourgLuxembourg City
100%
ChinaBeijing
95%
RussiaMoscow
95%
IndiaNew Delhi
95%
JapanTokyo
95%
SlovakiaBratislava
85%
ArmeniaYerevan
70%
HondurasTegucigalpa
65%
TuvaluFunafuti
55%
VanuatuPort Vila
45%

Score Distribution

Percentile by Number Answered

Percent of People with Each Score

Your Score History

You have not taken this quiz since the last reset